00983nam a2200217 a 450000100100000000500170001000800410002704000250006824000620009324502270015526000310038230000210041349000400043450000210047450400280049570000280052370000450055183000470059695201050064399900170074800003666320200930075848.0120124s1989 es 000 0 spa d aDO-SdBNPbspacBNPHU10aCombatting cardiovascular diseases skillfully.lEspañol00aTrastornos cardiovasculares /cSally A. Bowers... [et al.] ; traducción de la 2ª ed. en inglés, José María Vila Planas ; revisión de la edición española, Margarita Peya Gascons, Montserrat Busquets Surribas. aBarcelona :bDoyma,c1989. a192 p. ;c24 cm.1 aAtención integral en enfermería aIncluye índice aBibliografía : p. 18612aBowers, Sally A.96294012aVila Planas, José María,etr.962941 0aAtención integral en enfermería962529 001050718MOaGRbGRcCTd2012-01-24iLF1l0o p36663-10r2020-06-25w2020-06-25y1ZNo se presta c36154d36154